Jak se vyvarovat chyb při výběru zaměstnanců

Nevhodné kritériá výberu, posudzovanie osobných predpokladov subjektívne alebo mylne. Desať pravidiel pre výber zamestnancov.

Enregistré dans:
Détails bibliographiques
Auteur principal: Urban, Jan
Format: Chapitre de livre
Langue:tchèque
Sujets:
Tags: Ajouter un tag
Pas de tags, Soyez le premier à ajouter un tag!

MARC

LEADER 00000naa a2200000 4500
001 0132421
005 20231019115634.2
041 0 |a cze 
044 |a CZ 
245 1 0 |a Jak se vyvarovat chyb při výběru zaměstnanců  |c Jan Urban 
520 |a Nevhodné kritériá výberu, posudzovanie osobných predpokladov subjektívne alebo mylne. Desať pravidiel pre výber zamestnancov. 
610 2 0 |a nábor pracovníkov 
610 2 0 |a pohovor 
100 1 |a Urban, Jan